000 00613nam a2200241Ia 4500
003 OSt
005 20221005123145.0
006 a|||||r|||| 00| 0
007 ta
008 221004b |||||||| |||| 00| 0 eng d
024 _a52247
037 _cTextual
040 _aCRL
_cCRL
_beng
041 _2eng
_aeng
082 _aR3xM95:2, J7
100 _aNiel Andre
_9633233
245 0 _aKrishnamurti
_b The man in revolt
260 _c1957
490 _aThe inter-continental library; 4
650 _aPHILOSOPHY
942 _hR3xM95:2, J7
_cTEXL
_2cc
999 _c1046550
_d1046550